000 04435nam0a2200493 4500
001 RU\NLR\BIBL_A\012841460
005 20231005121141.0
021 _aRU
_bКН-П-22-026262
_9КН-П-22-2254
021 _aRU
_bКН-П-22-094448
_9КН-П-22-8433
029 1 0 _aRU
_b21743-2021
_cГОСТ
035 _a(NLR Aleph) 012841460
035 _a(RuMoRGB)011053304
090 _a12397211
_c12397211
100 _a20220706d2022 k y0rusy50 ca
101 0 _arus
102 _aRU
105 _ay l 000|y
181 1 _ai
_b e
182 1 _an
200 1 _aМасла авиационные
_eтехнические условия
_dAviation oils. Specifications
_zeng
_eГОСТ 21743-2021
_fразработан "Нефтяная Компания "Роснефть" (ПАО "НК "Роснефть"), Межгосударственным техническим комитетом по стандартизации МТК 031 "Нефтяные топлива и смазочные материалы"
203 _aТекст
_bвизуальный
_cнепосредственный
205 _aИзд. офиц.
_bИзд. март 2022г. с Поправкой
210 _aМосква
_cРоссийский институт стандартизации
_d2022
215 _aIII, 7 с.
_d29
225 1 _aМежгосударственный стандарт
_fМежгосударственный совет по стандартизации, метрологии и сертификации
239 _aВвед. 01.07.2022
_aвзамен ГОСТ 21743-76
311 _aИзд. март 2023г. с Поправкой (КН-П-23-019230)
320 _aБиблиогр.: с. 6 (1 назв.)
330 _aНастоящий стандарт распространяется на авиационные масла селективной очистки без присадок (далее - масла). Информация о введении в действие (прекращении действия) настоящего стандарта и изменений к нему на территории указанных выше государств публикуется в указателях национальных стандартов, издаваемых в этих государствах, а также в сети Интернет на сайтах соответствующих национальных органов по стандартизации. В случае пересмотра, изменения или отмены настоящего стандарта соответствующая информация будет опубликована на официальном интернет-сайте Межгосударственного совета по стандартизации, метрологии и сертификации в каталоге <Межгосударственные стандарты>
432 0 _1001RU\NLR\bibl\620468
_12001#$aМасла авиационные. технические условия
_946385
_eИзд. офиц.
_fРазработан Министерством нефтеперерабатывающей и нефтехимической промышленности СССР
_lAviation oils. Specifications
_oтехнические условия : ГОСТ 21743-76
_tМасла авиационные
510 1 _aAviation oils. Specifications
_zeng
517 1 _aГОСТ 21743-2021
606 1 _aАвиационные двигатели
_jТехнические условия
_xСмазочные масла
_91108788
_3RU\NLR\AUTH\66117959
675 _a665.76(083.74)
_v4
686 _v2000
_2oks
686 1 _aО52-082-326.1я863
712 0 2 _4900
_a"Роснефть", нефтяная компания
_cМосква
_9393244
_3RU\NLR\AUTH\889948800
712 0 2 _4900
_aМежгосударственный технический комитет по стандартизации МТК 031 "Нефтяные топлива и смазочные материалы"
_9780821
_3RU\NLR\AUTH\880556874
712 0 2 _4725
_aМежгосударственный совет по стандартизации, метрологии и сертификации
_9321571
_3RU\NLR\AUTH\8823529
942 _cBOOK
980 _aNB